000 01006nac a22003137a 4500
001 BR9804510
003 BR-BrBNA
005 20240105122131.0
008 230509b bl.|||m| |||| 00| 0 por d
040 _aBR-BrBNA
_bpor
_cBiblioteca Nacional de Agricultura
072 _aF30
090 _a0430 BR9804510
100 1 _aSantana, J.C.F. de
100 1 _aFreire, E.C.
100 1 _aAndrade, F.P. de
100 1 _aSantana, J.C. da S.
100 1 _aWanderley, M.J.R.
110 1 _aCentro Nacional de Pesquisa do Algodao, Campina Grande, PB (Brasil)
_91702
245 1 _aTecnologia do fio das novas linhagens de algodao moco de fibras coloridas
260 3 _aCampina Grande, PB (Brasil):
_c1997.
300 _a6 p.
490 _aPesquisa em Andamento - Centro Nacional de Pesquisa do Algodao (Brazil)
_vno. 68
_x
500 _a10 ref.
650 _aAlgodao Moco
650 _aLinhagem
650 _aFibra Vegetal
909 _a202312
_bLúcia Elande
_c55
_dLúcia Elande
942 _2AGRIS
_n0
_cMS
999 _c289377
_d289377